Neutralita Švajčiarska: zmena v postojoch v kontexte európskej bezpečnosti bakalárska práca

Saved in:
Bibliographic Details
Main Author: Želipská, Laura
Corporate Author: Fakulta medzinárodných vzťahov EU. Katedra medzinárodných politických vzťahov
Other Authors: Zubro, Tetyana, 1975-
Format: Book
Language:Slovak
Published: Bratislava 2025
Tags: Add Tag
No Tags, Be the first to tag this record!

MARC

LEADER 00000nbm a2200000 4500
001 0309656
005 20260122125016.9
041 0 |a slo 
044 |a SK 
245 1 0 |a Neutralita Švajčiarska: zmena v postojoch v kontexte európskej bezpečnosti  |b bakalárska práca  |c Laura Želipská ; školiteľ: Tetyana Zubro 
264 1 |a Bratislava  |c 2025 
300 |a 54 s. 
100 1 |a Želipská, Laura 
700 1 |a Zubro, Tetyana, 1975- 
710 2 |a Fakulta medzinárodných vzťahov EU. Katedra medzinárodných politických vzťahov